Riconosci il Pokémon - Quiz n°401 - Statistics

Statistiche generali
  • Questo quiz è stato fatto 17 volte
  • Il punteggio medio è 8 su 10
Statistiche sulle risposte
Indizio Risposta % Corretto
Tipo Acqua / Psico; Psico (Galar)
100%
Generazione Prima
100%
Stadio evoluzione Forma Base
92%
Peso 36,0 kg
75%
Sesso 50% ♂, 50% ♀
75%
Abilità Indifferenza; Monte Locale (Normale; Galar); Rigenergia (Normale; Galar); Voracità (Galar)
75%
Altezza 1,2 m
67%
Tasso di cattura 190 (35.2%)
67%
Tasso di allevamento Medio-Veloce
58%
Pokémon Slowpoke
50%
Nessun quiz corrispondente trovato
Distribuzione punteggi
Percentuale di utenti per punteggio
Percentile per numero di risposta
I tuoi punteggi nel tempo
Non hai fatto questo quiz